Cash flow
Salvato in:
| Autore principale: | |
|---|---|
| Natura: | Libro |
| Lingua: | ceco |
| Pubblicazione: |
Brno
Computer Press
2010
|
| Edizione: | 2. aktual. vyd. |
| Serie: | Business books
|
| Soggetti: | |
| Tags: |
Nessun Tag, puoi essere il primo ad aggiungerne!!
|
MARC
| LEADER | 00000nam a2200000 4500 | ||
|---|---|---|---|
| 001 | 0209258 | ||
| 005 | 20240312120540.7 | ||
| 020 | |a 978-80-251-3130-5 | ||
| 041 | 0 | |a cze | |
| 044 | |a CZ | ||
| 245 | 1 | 0 | |a Cash flow |c Jaroslav Sedláček |
| 250 | |a 2. aktual. vyd. | ||
| 264 | 1 | |a Brno |b Computer Press |c 2010 | |
| 300 | |a vi, 191 s. | ||
| 490 | 1 | |a Business books | |
| 830 | 0 | |a Business books | |
| 610 | 2 | 0 | |a cash flow |
| 610 | 2 | 0 | |a financie podnikové |
| 610 | 2 | 0 | |a aktíva |
| 610 | 2 | 0 | |a kapitál podnikový |
| 610 | 2 | 0 | |a náklady |
| 610 | 2 | 0 | |a výnosy |
| 610 | 2 | 0 | |a výkaz ziskov a strát |
| 610 | 2 | 0 | |a plánovanie finančné |
| 610 | 2 | 0 | |a plán finančný |
| 610 | 2 | 0 | |a rozpočet podnikový |
| 100 | 1 | |a Sedláček, Jaroslav | |